[Event "Bastiais Master"]
[Site "Bastia"]
[Date "2003.??.??"]
[Round "?"]
[White "Mounier, Noel"]
[Black "Bono, Patrick"]
[Result "1-0"]
[WhiteElo "1760"]
[BlackElo "1580"]
[PlyCount "67"]
[EventDate "2003.??.??"]
[EventType "swiss"]
[EventRounds "7"]
[EventCountry "FRA"]
[SourceTitle "EXT 2007"]
[Source "ChessBase"]
[SourceDate "2006.11.23"]
[SourceVersion "1"]
[SourceVersionDate "2006.11.23"]
[SourceQuality "1"]

1. e4 d6 2. d4 Nf6 3. Nc3 g6 4. f4 Bg7 5. Nf3 Nc6 6. Bc4 0-0 7. 0-0 Nxe4 8. Bxf7+ Rxf7 9. Nxe4 d5 10. Nc5 b6 11. Nb3 Bf5 12. c3 h6 13. Ne5 Nxe5 14. fxe5 Qd7 15. Be3 Raf8 16. Qd2 Kh7 17. Rf2 Qe6 18. Raf1 Be4 19. Nc1 a6 20. Ne2 b5 21. Ng3 Rxf2 22. Rxf2 Rxf2 23. Qxf2 Bf5 24. Nxf5 Qxf5 25. Qxf5 gxf5 26. Kf2 e6 27. Ke2 Kg8 28. Kd3 Kf7 29. b3 h5 30. c4 c6 31. Kc3 Ke7 32. Kb4 dxc4 33. bxc4 Kd7 34. Ka5 1-0